zpět

Detail výsledku týmu

Spirit Bar - Žižkov, Praha

Datum a čas kvízu

23.5 Celkem bodů Celkový počet nahraných bodů na tomto kvízu bez doplňovacích otázek.
10. Pořadí na kvízu Konečné umístění týmu na tomto kvízu.

Zaznamenané odpovědi

# Otázka Odpověď Body Výsledky
1. Která postava má svou sněhovou... Krakonoš 1
2. Kterou část lidského těla může... penis 1
3. 78 dní byla na vrcholu žebříčk... Stranger Things 0
4. Na technologickém veletrhu CES... Tamagoči 1
5. Hajar Abdelkader z Egypta minu... Tenis 1
6. Frank Lloyd Wright bývá označo... Guggenheimovo muzeum 1
7. Seřaďte uvedené události od té... 1A 2B 3D 4C 0
8. Jak si říká tento americký zpě... Lenny Kravitz; New York City 0.5
9. Turisté v NYC míří nejen do di... 1A 2B 3D 4C 0
10. Jak se jmenuje fiktivní město,... Gotham (City); Bronx 1